Remembering Amma (Record no. 1845)

MARC details
000 -LEADER
fixed length control field 00590 a2200205 4500
010 ## - LIBRARY OF CONGRESS CONTROL NUMBER
LC control number ENG-85297
020 ## - INTERNATIONAL STANDARD BOOK NUMBER
International Standard Book Number 8187649313
Terms of availability 200.00
035 ## - SYSTEM CONTROL NUMBER
System control number EN-68830
037 ## - SOURCE OF ACQUISITION
Source of stock number/acquisition D.B.Act / Pub
082 14 - DEWEY DECIMAL CLASSIFICATION NUMBER
Classification number N
090 ## - LOCALLY ASSIGNED LC-TYPE CALL NUMBER (OCLC); LOCAL CALL NUMBER (OCLC)
-- 1877
-- 1877
100 1# - MAIN ENTRY--PERSONAL NAME
Personal name Thi Jaa
245 1# - TITLE STATEMENT
Title Remembering Amma
Statement of responsibility, etc Thi Jaa ; translated from the Tamil by Malati Mathur.
260 ## - PUBLICATION, DISTRIBUTION, ETC. (IMPRINT)
Place of publication, distribution, etc New Delhi
Name of publisher, distributor, etc Katha,
Date of publication, distribution, etc 2006.
300 ## - PHYSICAL DESCRIPTION
Extent 156 p. ;
Dimensions 23 cm.
650 ## - SUBJECT ADDED ENTRY--TOPICAL TERM
Topical term or geographic name as entry element Novel.
700 1# - ADDED ENTRY--PERSONAL NAME
Personal name Mathur, Malati.
942 ## - ADDED ENTRY ELEMENTS (KOHA)
Institution code [OBSOLETE] dpl
Koha item type English Books
Call number prefix N / THI
Holdings
Withdrawn status Lost status Source of classification or shelving scheme Damaged status Not for loan Collection code Home library Current library Source of acquisition Cost, normal purchase price Total Checkouts Full call number Barcode Date last seen Copy number Uniform Resource Identifier Cost, replacement price Price effective from Koha item type
    Dewey Decimal Classification   Not For Loan Fiction D.B.Act.Division D.B.Act.Division DBAD/PUB 200.00   N EN-68830 15/09/2008 1 1954 200.00 15/09/2008 English Books

© Delhi Public Library
Hit Counter
free hit counter